Influence of method of nitrogenous fertilizers use and varieties on growth and yield of boro rice / (Record no. 9218)

MARC details
000 -LEADER
fixed length control field 01144nam a22002777a 4500
001 - CONTROL NUMBER
control field BD-DhSAU 9218
003 - CONTROL NUMBER IDENTIFIER
control field BD-DhSAU
005 - DATE AND TIME OF LATEST TRANSACTION
control field 20190417094606.0
008 - FIXED-LENGTH DATA ELEMENTS--GENERAL INFORMATION
fixed length control field 150613b2010 bg a|||| m||| 00| 0 eng d
040 ## - CATALOGING SOURCE
Original cataloging agency BD-DhSAU
082 ## - DEWEY DECIMAL CLASSIFICATION NUMBER
Edition number 22
Classification number 630
Item number Az13
100 ## - MAIN ENTRY--PERSONAL NAME
Personal name Azam, Mirza Tariqul
Relator term Registration # 08-032476
245 ## - TITLE STATEMENT
Title Influence of method of nitrogenous fertilizers use and varieties on growth and yield of boro rice /
Remainder of title MS thesis
Statement of responsibility, etc. Mirza Tariqul Azam
260 ## - PUBLICATION, DISTRIBUTION, ETC. (IMPRINT)
Place of publication, distribution, etc. Sher-e-Bangla Agricultural Uniersity :
Name of publisher, distributor, etc. Department of Agronomy,
Date of publication, distribution, etc. 2010.
300 ## - PHYSICAL DESCRIPTION
Extent xi 62 p. :
Other physical details ill. ;
Dimensions 29 cm.
500 ## - GENERAL NOTE
General note MS thesis of Department of Agronomy , Faculty of Agriculture, Sher-e-Bangla Agricultural University, Dhaka, Bangladesh
504 ## - BIBLIOGRAPHY, ETC. NOTE
Bibliography, etc Includes bibliographical reference.
590 ## - Name of Cataloguer
Name of Cataloger erfat
650 ## - SUBJECT ADDED ENTRY--TOPICAL TERM
Topical term or geographic name as entry element Agronomy
650 ## - SUBJECT ADDED ENTRY--TOPICAL TERM
Topical term or geographic name as entry element Influence of method of nitrogenous fertilizers use and varieties
650 ## - SUBJECT ADDED ENTRY--TOPICAL TERM
Topical term or geographic name as entry element growth and yield of boro rice
700 ## - ADDED ENTRY--PERSONAL NAME
Personal name Ali, Md Hazrat
Relator term Superviser
700 ## - ADDED ENTRY--PERSONAL NAME
Relator term Co-superviser
Personal name Karim, Md Fazlul
856 ## - ELECTRONIC LOCATION AND ACCESS
Uniform Resource Identifier <a href="http://10.10.0.126:8080/xmlui/handle/123456789/2383">http://10.10.0.126:8080/xmlui/handle/123456789/2383</a>
942 ## - ADDED ENTRY ELEMENTS (KOHA)
Source of classification or shelving scheme Dewey Decimal Classification
Koha item type MS Level Thesis
Holdings
Withdrawn status Lost status Source of classification or shelving scheme Damaged status Not for loan Collection code Home library Branch Name Shelving location Date acquired Total Checkouts Full call number Barcode Date last seen Price effective from Koha item type
    Dewey Decimal Classification   Not For Loan Reference SAU Library SAU Library Reference 19/06/2015   630 Az13 37120 19/06/2015 19/06/2015 MS Level Thesis